Safety and infection control. (Record no. 7887)
[ view plain ]
| 000 -LEADER | |
|---|---|
| fixed length control field | 00702nam a2200193 4500 |
| 008 - FIXED-LENGTH DATA ELEMENTS--GENERAL INFORMATION | |
| fixed length control field | 171205b xxu||||| |||| 00| 0 eng d |
| 020 ## - INTERNATIONAL STANDARD BOOK NUMBER | |
| International Standard Book Number | 0874349168 |
| 082 ## - DEWEY DECIMAL CLASSIFICATION NUMBER | |
| Edition number | 1998 |
| Classification number | DC 614.44 |
| Item number | Sa1 |
| 110 ## - MAIN ENTRY--CORPORATE NAME | |
| 9 (RLIN) | 24088 |
| Corporate name or jurisdiction name as entry element | Springhouse Corporation. |
| 245 ## - TITLE STATEMENT | |
| Title | Safety and infection control. |
| 260 ## - PUBLICATION, DISTRIBUTION, ETC. (IMPRINT) | |
| Place of publication, distribution, etc. | Springhouse, Pa. : |
| Name of publisher, distributor, etc. | Springhouse Corporation, |
| Date of publication, distribution, etc. | ©1998 |
| 300 ## - PHYSICAL DESCRIPTION | |
| Extent | vi, 282 pages : |
| Other physical details | illustrations ; |
| Dimensions | 21 cm |
| 500 ## - GENERAL NOTE | |
| General note | Includes bibliographical references and index. |
| 650 #0 - SUBJECT ADDED ENTRY--TOPICAL TERM | |
| 9 (RLIN) | 24097 |
| Topical term or geographic name as entry element | Nosocomial infections |
| General subdivision | Prevention |
| 650 #0 - SUBJECT ADDED ENTRY--TOPICAL TERM | |
| 9 (RLIN) | 24112 |
| Topical term or geographic name as entry element | Health facilities |
| General subdivision | Safety measures |
| 650 #0 - SUBJECT ADDED ENTRY--TOPICAL TERM | |
| 9 (RLIN) | 24114 |
| Topical term or geographic name as entry element | Infection Control |
| General subdivision | methods |
| 650 #0 - SUBJECT ADDED ENTRY--TOPICAL TERM | |
| 9 (RLIN) | 24116 |
| Topical term or geographic name as entry element | Safety Management |
| General subdivision | methods |
| 942 ## - ADDED ENTRY ELEMENTS (KOHA) | |
| Source of classification or shelving scheme | Dewey Decimal Classification |
| Koha item type | Circulation |
| Withdrawn status | Lost status | Source of classification or shelving scheme | Damaged status | Not for loan | Collection code | Home library | Current library | Date acquired | Source of acquisition | Total Checkouts | Full call number | Barcode | Date last seen | Copy number | Price effective from | Koha item type |
|---|---|---|---|---|---|---|---|---|---|---|---|---|---|---|---|---|
| Dewey Decimal Classification | Circulation | UM Digos College - LIC | UM Digos College - LIC | 04/22/2013 | Purchased | DC 614.44 Sa1 1998 | 22027 | 05/15/2025 | 12/07/2017 | Circulation |
